|
|
|
|
| LEADER |
00000nam a2200000 a 4500 |
| 001 |
vtls008988608 |
| 003 |
SK-MaSNL |
| 005 |
20260302075746.0 |
| 008 |
240422s2005 yu a g f 000 0 hrv |
| 020 |
|
|
|a 868350963X
|q (brož.)
|
| 040 |
|
|
|a SNK
|b slo
|c SNK
|e AACR2
|
| 041 |
0 |
|
|a hrv
|
| 043 |
|
|
|a e-yu---
|
| 044 |
|
|
|a yu
|c YU
|
| 072 |
|
7 |
|a 913(4)
|x Geografia Európy, reálie, cestovanie
|2 konspekt
|
| 080 |
|
|
|a 908(497.1)
|2 2001
|
| 080 |
|
|
|a (036)
|2 2001
|
| 100 |
1 |
|
|a Novačić, Dejan
|4 aut
|9 743036
|
| 245 |
1 |
0 |
|a SFRJ za ponavljače
|b turistički vodič
|c Dejan Novačić
|
| 250 |
|
|
|a 3. izd.
|
| 260 |
|
|
|a Beograd
|b Moć knjige
|c 2005
|
| 300 |
|
|
|a 150 s.
|b ilustr.
|c 20 cm
|
| 651 |
|
7 |
|a Juhoslávia
|2 SNKPH
|9 22118
|
| 655 |
|
7 |
|a informačné publikácie
|2 SNKPH
|9 70181
|
| 919 |
|
|
|a 86-83509-63-X
|
| 999 |
|
|
|c 1170430
|d 1172360
|
| 952 |
|
|
|a SNK
|b SNK
|y VYP
|7 0
|p 17A0551532
|o snkID 97830
|i snk2007/15078
|8 2
|g 6.67
|0 0
|1 0
|4 0
|d 2007-05-14
|l 0
|r 2026-02-24 21:02:06
|w 2026-02-24
|